Welcome to the Holygrace Academy Library

Please use search bar below to get started

THE DOOMSDAY KEY (Record no. 3296)

MARC details
000 -LEADER
fixed length control field 00290nam a22001337a 4500
020 ## - INTERNATIONAL STANDARD BOOK NUMBER
ISBN 978-1-4091-0293-9
082 ## - DEWEY DECIMAL CLASSIFICATION NUMBER
Classification number 823
Item number ROL/D
100 ## - MAIN ENTRY--AUTHOR NAME
Personal name ROLLINS,JAMES
245 ## - TITLE STATEMENT
Title THE DOOMSDAY KEY
260 ## - PUBLICATION, DISTRIBUTION, ETC. (IMPRINT)
Place of publication LONDON
Name of publisher ORION BOOKS
300 ## - PHYSICAL DESCRIPTION
Number of Pages 477
650 ## - SUBJECT ADDED ENTRY--TOPICAL TERM
Topical Term ENGLISH NOVEL
Geographic subdivision LONDON
942 ## - ADDED ENTRY ELEMENTS (KOHA)
Koha item type Books
Holdings
Withdrawn status Lost status Collection code Home library Current library Shelving location Date acquired Source of acquisition Full call number Accession Number Koha item type
    Fiction Main Library Main Library SHELF 2-J-ENGLISH NOVELS FOR TEACHERS 14/10/2011 PURCHASE 823 ROL/D 05599 Books